[Event "Olimpiade 2022 - Open"]
[Site "Chennai"]
[Date "03.08.2022"]
[Round "6.43"]
[Board "2"]
[White "Nielsen, Hogni Egilstoft"]
[Black "Kett, Tim"]
[Result "0-1"]
[WhiteTitle "FM"]
[BlackTitle "CM"]
[WhiteElo "2414"]
[BlackElo "2197"]
[WhiteTeam "Faroe Islands"]
[BlackTeam "Wales"]
[WhiteFideId "7200404"]
[BlackFideId "1801210"]
[EventDate "2022.07.29"]

1. e4 e5 2. Nf3 Nc6 3. Bc4 Nf6 4. d3 Be7 5. O-O d6 6. a4 O-O 7. Re1 Be6 8. Nbd2
Qd7 9. c3 Rad8 10. a5 h6 11. Bb5 a6 12. Ba4 Qc8 13. b4 Nh7 14. Nf1 f5 15. Ne3 f4
16. Nd5 Bf6 17. d4 Ne7 18. Bb3 Nxd5 19. dxe5 Nxc3 20. Qc2 Bxe5 21. Nxe5 dxe5 22.
Qxc3 f3 23. Bb2 Rd4 24. Bd1 Ng5 25. Qc5 Bh3 26. Qxe5 Bxg2 27. h4 Nh3+ 28. Kh2
Nf4 29. Bb3+ Kh8 30. Be6 Nxe6 31. Bxd4 Nxd4 32. Rad1 Qh3+ 33. Kg1 Qh1# 0-1

[Event "Olimpiade 2022 - Open"]
[Site "Chennai"]
[Date "03.08.2022"]
[Round "6.43"]
[Board "3"]
[White "Bullen, Alex"]
[Black "Egilstoft, Rogvi"]
[Result "0-1"]
[WhiteTitle "CM"]
[BlackTitle "FM"]
[WhiteElo "2106"]
[BlackElo "2284"]
[WhiteTeam "Wales"]
[BlackTeam "Faroe Islands"]
[WhiteFideId "1801627"]
[BlackFideId "7200447"]
[EventDate "2022.07.29"]

1. d4 g6 2. e4 Bg7 3. Nf3 d6 4. Nc3 a6 5. a4 Nf6 6. h3 Nc6 7. Be3 O-O 8. Be2 e5
9. dxe5 dxe5 10. O-O Qe7 11. Qb1 Rd8 12. Rd1 Be6 13. Ng5 Nd4 14. Bf1 Rd7 15.
Nxe6 Qxe6 16. Bg5 Rad8 17. Nd5 c6 18. Bxf6 Bxf6 19. Ne3 Bg5 20. Re1 Qf6 21. Bc4
h5 22. c3 Ne6 23. Bxe6 Qxe6 24. Nf1 Rd3 25. Qc2 Qd6 26. Re2 Rd7 27. Rae1 Qe6 28.
c4 R7d4 29. b3 Bh6 30. Ne3 Bf8 31. Rd1 Rxd1+ 32. Nxd1 Qd7 33. Ne3 Bc5 34. Nf1
Bb4 35. Ne3 Qd6 36. g4 h4 37. Kh2 Qd8 38. Kg2 Qf6 39. Nf1 Qd8 40. Ne3 Be7 41.
Nf1 Bg5 42. Ne3 Bf4 43. Kf3 Rd3 44. Kg2 Qd4 45. Kf3 Rc3 46. Qb1 a5 47. b4 Qxc4
48. bxa5 Qxa4 49. Ra2 Qd4 50. Re2 Ra3 51. Qc2 Qa1 52. Kg2 Bxe3 53. Rxe3 Rxe3 54.
fxe3 Qxa5 55. Qb2 Qc7 56. Kf3 Qe7 57. Qa1 Kg7 58. Qg1 Qf6+ 59. Kg2 b5 60. Qc1
Qd6 61. Qe1 Qe7 62. Qf1 b4 63. Qc4 Qd6 64. Kf3 Qd1+ 65. Kf2 b3 0-1

[Event "Olimpiade 2022 - Open"]
[Site "Chennai"]
[Date "03.08.2022"]
[Round "6.43"]
[Board "4"]
[White "Rodgaard, John"]
[Black "Pleasants, Allan J"]
[Result "1-0"]
[WhiteTitle "IM"]
[WhiteElo "2324"]
[BlackElo "2024"]
[WhiteTeam "Faroe Islands"]
[BlackTeam "Wales"]
[WhiteFideId "7200013"]
[BlackFideId "411337"]
[EventDate "2022.07.29"]

1. Nf3 Nf6 2. c4 g6 3. Nc3 Bg7 4. e4 d6 5. d4 O-O 6. Be2 Na6 7. O-O e5 8. Be3 c6
9. Re1 exd4 10. Nxd4 Re8 11. f3 Nc5 12. Qd2 Ne6 13. Rad1 Qc7 14. Bf1 a6 15. Nb3
Bf8 16. Qf2 b5 17. c5 Nd7 18. cxd6 Bxd6 19. g3 Bf8 20. f4 Bb7 21. e5 f5 22. Bg2
a5 23. Re2 a4 24. Nd4 Ndc5 25. Nxe6 Nxe6 26. Red2 Rad8 27. Bb6 Rxd2 28. Rxd2 Qc8
29. Qe3 a3 30. b3 b4 31. Na4 c5 32. Bxb7 Qxb7 33. Qd3 Nd4 34. Rf2 Rc8 35. Qc4+
Kg7 36. Bxc5 Bxc5 37. Nxc5 Nf3+ 38. Kf1 Qa8 39. Qxb4 Kh6 40. Qc3 Qd5 41. Qxf3
Qxc5 42. Kg2 Qc1 43. e6 Rc3 44. Qa8 Re3 45. Qf8+ Kh5 46. Qg7 Qc6+ 47. Kh3 Rxg3+
48. Kxg3 Qc3+ 49. Qxc3 1-0

[Event "Olimpiade 2022 - Open"]
[Site "Chennai"]
[Date "03.08.2022"]
[Round "6.44"]
[Board "1"]
[White "Risteski, Emil"]
[Black "Chekh Adm Khedr, Aram"]
[Result "1-0"]
[WhiteTitle "FM"]
[WhiteElo "2405"]
[BlackElo "2147"]
[WhiteTeam "North Macedonia"]
[BlackTeam "Syria"]
[WhiteFideId "15005267"]
[BlackFideId "7601948"]
[EventDate "2022.07.29"]

1. e4 c5 2. Nf3 Nc6 3. Nc3 d6 4. d4 cxd4 5. Nxd4 Nf6 6. Bg5 e6 7. Qd2 a6 8.
O-O-O h6 9. Nxc6 bxc6 10. Bf4 d5 11. Qe3 Be7 12. Be2 Nd7 13. exd5 cxd5 14. Qg3
Bg5 15. Bxg5 Qxg5+ 16. f4 Qxg3 17. hxg3 Nb6 18. Rhe1 O-O 19. Bf3 Bd7 20. Ne2 Na4
21. b3 Nc5 22. Kd2 a5 23. c4 Rab8 24. cxd5 exd5 25. Rc1 Ne4+ 26. Bxe4 dxe4 27.
Nd4 Rfd8 28. Ke3 a4 29. Rc3 axb3 30. axb3 Rb4 31. Rc4 Rdb8 32. Rxb4 Rxb4 33.
Kxe4 Bc6+ 34. Kd3 Bxg2 35. Kc3 Rb7 36. b4 Kh7 37. b5 g5 38. fxg5 hxg5 39. Re2
Rc7+ 40. Kb4 Bb7 41. Nc6 Kg6 42. Kc5 Bxc6 43. bxc6 f5 44. Kd6 Rc8 45. Kd7 Ra8
46. c7 Kh5 47. Ra2 Rxa2 48. c8=Q Rg2 49. Ke6 Kg4 50. Kf6 Rxg3 51. Qxf5+ Kh4 52.
Kg6 Rg2 53. Qf3 Rg4 54. Kh6 Rf4 55. Qh5+ Kg3 56. Kxg5 Re4 57. Qd1 Re5+ 58. Kf6
Re3 59. Kf5 Rf3+ 60. Kg5 Re3 61. Qg1+ Kf3 62. Qg4+ Kf2 63. Kf4 Re2 64. Qh4+ Kg2
65. Qg5+ Kf2 66. Qc5+ Kg2 67. Qd5+ Kf2 68. Qd1 Re1 69. Qf3+ 1-0

[Event "Olimpiade 2022 - Open"]
[Site "Chennai"]
[Date "03.08.2022"]
[Round "6.44"]
[Board "2"]
[White "Altorky, Amer"]
[Black "Lazov, Toni"]
[Result "0-1"]
[BlackTitle "IM"]
[WhiteElo "2040"]
[BlackElo "2374"]
[WhiteTeam "Syria"]
[BlackTeam "North Macedonia"]
[WhiteFideId "7601379"]
[BlackFideId "15000770"]
[EventDate "2022.07.29"]

1. e4 c5 2. Nc3 Nc6 3. g3 g6 4. Bg2 Bg7 5. d3 Rb8 6. f4 b5 7. e5 Nh6 8. Be3 Nd4
9. Nf3 Nhf5 10. Bf2 O-O 11. O-O d6 12. Re1 b4 13. Ne4 Nxf3+ 14. Bxf3 dxe5 15.
fxe5 Bxe5 16. c3 bxc3 17. bxc3 Qa5 18. Rc1 Bd6 19. g4 Ng7 20. Nxd6 exd6 21. Bh4
Be6 22. Be7 Rfe8 23. Bxd6 Rb2 24. Be5 Rxa2 25. Rb1 Qd8 26. d4 Qg5 27. Bxg7 Kxg7
28. Re5 Qf4 29. Be2 Rd2 30. Qf1 Qxf1+ 31. Bxf1 cxd4 32. cxd4 Rxd4 33. Rb7 Rxg4+
34. Kf2 Rf4+ 35. Kg2 Bh3+ 36. Kg3 Rxe5 37. Bxh3 Ra4 38. Bd7 Re7 0-1

[Event "Olimpiade 2022 - Open"]
[Site "Chennai"]
[Date "03.08.2022"]
[Round "6.44"]
[Board "3"]
[White "Nikolovski, Nikola"]
[Black "Koniahli, Malek."]
[Result "1-0"]
[WhiteTitle "IM"]
[BlackTitle "FM"]
[WhiteElo "2366"]
[BlackElo "2238"]
[WhiteTeam "North Macedonia"]
[BlackTeam "Syria"]
[WhiteFideId "15002314"]
[BlackFideId "7603495"]
[EventDate "2022.07.29"]

1. e4 c6 2. d4 d5 3. exd5 cxd5 4. Bd3 Nc6 5. c3 Nf6 6. Bf4 Bg4 7. Qb3 Qd7 8. Nd2
e6 9. Ngf3 Bd6 10. Bg3 O-O 11. O-O Bh5 12. Rae1 Bg6 13. Bxg6 hxg6 14. Bxd6 Qxd6
15. Ne5 Qc7 16. f4 Rfe8 17. Re3 Nh7 18. Rh3 Nf8 19. Qd1 f6 20. Nd3 b5 21. Nf3
Ne7 22. g4 Nd7 23. Qe1 Qb6 24. Qh4 Rf8 25. Nde5 Nxe5 26. fxe5 Kf7 27. exf6 1-0

[Event "Olimpiade 2022 - Open"]
[Site "Chennai"]
[Date "03.08.2022"]
[Round "6.44"]
[Board "4"]
[White "Eiti, Bashir"]
[Black "Veljanoski, Andrej"]
[Result "1-0"]
[WhiteTitle "IM"]
[WhiteElo "2337"]
[BlackElo "2162"]
[WhiteTeam "Syria"]
[BlackTeam "North Macedonia"]
[WhiteFideId "7601875"]
[BlackFideId "15003604"]
[EventDate "2022.07.29"]

1. Nf3 d5 2. g3 g6 3. Bg2 Bg7 4. O-O e5 5. c4 dxc4 6. Na3 Nc6 7. Nxc4 Nge7 8. d3
O-O 9. Rb1 Nd5 10. Bg5 Qd7 11. Qd2 Re8 12. Bh6 Bh8 13. Rfc1 b6 14. Ne3 Nxe3 15.
Bxe3 Bb7 16. Qc2 e4 17. Ng5 exd3 18. Qxd3 Qxd3 19. exd3 Nd8 20. Bxb7 Nxb7 21.
Rxc7 Nd6 22. Bf4 Be5 23. Bxe5 Rxe5 24. Nf3 Ree8 25. Rbc1 Nb5 26. Rb7 Rad8 27.
Re1 Rxe1+ 28. Nxe1 Rd4 29. a3 Kg7 30. f4 Rd6 31. a4 Nd4 32. Rxa7 Re6 33. Kf1 Nf5
34. Nf3 Ne3+ 35. Kg1 Ng4 36. Ng5 Re1+ 37. Kg2 h5 38. Rxf7+ Kg8 39. h3 Nh6 40.
Rf6 Kg7 41. Rxb6 Nf5 42. Rb7+ Kg8 43. a5 Re2+ 44. Kg1 Ne3 45. a6 Rg2+ 46. Kh1
Rf2 47. Ne4 1-0

[Event "Olimpiade 2022 - Open"]
[Site "Chennai"]
[Date "03.08.2022"]
[Round "6.45"]
[Board "1"]
[White "Rakotomaharo, Fy Antenaina"]
[Black "Ibarra Chami, Luis Fernando"]
[Result "1-0"]
[WhiteTitle "IM"]
[BlackTitle "GM"]
[WhiteElo "2490"]
[BlackElo "2452"]
[WhiteTeam "Madagascar"]
[BlackTeam "Mexico"]
[WhiteFideId "13100050"]
[BlackFideId "5105048"]
[EventDate "2022.07.29"]

1. e4 c5 2. Nf3 Nc6 3. d4 cxd4 4. Nxd4 Nf6 5. Nc3 e5 6. Ndb5 d6 7. Nd5 Nxd5 8.
exd5 Nb8 9. a4 Be7 10. Bd2 O-O 11. Be2 f5 12. a5 f4 13. O-O Bf5 14. c4 a6 15.
Nc3 Nd7 16. Bg4 g6 17. Re1 Rc8 18. Bxf5 gxf5 19. Qe2 Rf7 20. Na4 Rg7 21. Ra3 Kh8
22. Kh1 Qg8 23. g3 fxg3 24. Rxg3 Rxg3 25. fxg3 Nf6 26. Nb6 Rf8 27. Rf1 Ne4 28.
Be1 Qg6 29. b4 Rf7 30. Na4 Kg8 31. Nc3 Nxc3 32. Bxc3 Qg4 33. Qd3 e4 34. Qd1 Qg6
35. Bd4 Bf8 36. Bb6 Re7 37. c5 e3 38. Qf3 Re8 39. c6 bxc6 40. dxc6 Qe6 41. Re1
e2 42. c7 Qc4 43. Qxf5 Bg7 44. Qh5 Re5 45. Qf3 Re8 46. Qh5 Re5 47. Qh4 Qc3 48.
Kg2 Kf7 49. Qf4+ Bf6 50. Bd4 Qxe1 51. c8=Q Qh1+ 52. Kxh1 e1=Q+ 53. Kg2 1-0

[Event "Olimpiade 2022 - Open"]
[Site "Chennai"]
[Date "03.08.2022"]
[Round "6.45"]
[Board "2"]
[White "Diaz Rosas, Julio Cesar"]
[Black "Razanadrakotoarisoa, Toavina"]
[Result "0-1"]
[WhiteTitle "FM"]
[WhiteElo "2328"]
[BlackElo "2039"]
[WhiteTeam "Mexico"]
[BlackTeam "Madagascar"]
[WhiteFideId "5105099"]
[BlackFideId "13101439"]
[EventDate "2022.07.29"]

1. d4 Nf6 2. c4 c5 3. d5 d6 4. Nc3 e6 5. e4 exd5 6. cxd5 g6 7. f4 Bg7 8. e5 Nfd7
9. Nb5 dxe5 10. Nd6+ Ke7 11. Nxc8+ Qxc8 12. Nf3 Re8 13. Bc4 Kf8 14. O-O e4 15.
Ng5 Bd4+ 16. Kh1 h6 17. f5 hxg5 18. fxg6 f6 19. Qh5 Ke7 20. g7 Kd6 21. Bxg5 fxg5
22. Qg6+ Kc7 23. Rf7 Rg8 24. Raf1 Qe8 25. Qxg5 Rxg7 26. Rxg7 Bxg7 27. Qxg7 Qe5
28. Qg8 a6 29. Be2 Nf6 30. Qf8 Nfd7 31. Qg8 Kb6 32. Bg4 Ka7 33. Qf7 Nb6 34. Rd1
e3 35. Be6 a5 36. Qf3 Na6 37. Qe2 Rf8 38. Bg4 Rf2 39. Qe1 Qe4 40. Bf3 Rxf3 41.
gxf3 Qxf3+ 42. Kg1 Nxd5 0-1

[Event "Olimpiade 2022 - Open"]
[Site "Chennai"]
[Date "03.08.2022"]
[Round "6.46"]
[Board "1"]
[White "Saraci, Nderim"]
[Black "Alfaro, William"]
[Result "1-0"]
[WhiteTitle "IM"]
[BlackTitle "FM"]
[WhiteElo "2495"]
[BlackElo "2155"]
[WhiteTeam "Kosovo"]
[BlackTeam "Nicaragua"]
[WhiteFideId "6351921"]
[BlackFideId "6100457"]
[EventDate "2022.07.29"]

1. d4 Nf6 2. c4 c5 3. d5 b5 4. cxb5 a6 5. b6 e6 6. Nc3 exd5 7. Nxd5 Nxd5 8. Qxd5
Nc6 9. Nf3 Rb8 10. e4 Be7 11. Bc4 O-O 12. O-O Rxb6 13. Be3 Nb4 14. Qd2 Bb7 15.
a3 d5 16. axb4 dxc4 17. bxc5 Re6 18. Qxd8 Rxd8 19. Nd2 Bxc5 20. Bxc5 Rxd2 21.
Rfd1 Rd3 22. f3 h6 23. Rxd3 cxd3 24. Rd1 f5 25. exf5 Re5 26. Bd4 Rxf5 27. Rxd3
Rd5 28. Rb3 Rxd4 29. Rxb7 Rd1+ 30. Kf2 Rd2+ 31. Kg3 a5 32. h4 Kh7 33. Rb5 a4 34.
h5 Kg8 35. Rb4 Kh7 36. Kh3 Kg8 37. g3 a3 38. bxa3 Rd3 39. a4 Rxf3 40. Kg4 Ra3
41. Kf4 g6 42. hxg6 Kg7 43. g4 Kxg6 44. Ke5 Kf7 45. Kd6 Rc3 46. Re4 1-0

[Event "Olimpiade 2022 - Open"]
[Site "Chennai"]
[Date "03.08.2022"]
[Round "6.46"]
[Board "3"]
[White "Makolli, Perparim"]
[Black "Salazar Cabezas, Alberto Javier"]
[Result "1-0"]
[WhiteTitle "FM"]
[BlackTitle "FM"]
[WhiteElo "2247"]
[BlackElo "2155"]
[WhiteTeam "Kosovo"]
[BlackTeam "Nicaragua"]
[WhiteFideId "908630"]
[BlackFideId "6104401"]
[EventDate "2022.07.29"]

1. e4 e6 2. d4 d5 3. e5 c5 4. Nf3 Nc6 5. Bd3 cxd4 6. O-O Be7 7. Re1 Bd7 8. a3 a5
9. Bf4 g5 10. Bc1 h5 11. Bf1 Nh6 12. c3 g4 13. Nxd4 Qb6 14. Nxc6 bxc6 15. Bd3 g3
16. hxg3 Ng4 17. Qf3 O-O-O 18. b4 Rdg8 19. Be3 Qb8 20. Bf4 h4 21. gxh4 Bxh4 22.
g3 Qa7 23. Bf1 Bxg3 24. Bxg3 Nxf2 25. Qe3 Nh3+ 26. Kg2 Qc7 27. Nd2 f5 28. exf6
Nf4+ 29. Kf3 Rxg3+ 30. Kxg3 Nd3+ 31. Kf3 Nxe1+ 32. Rxe1 Qh2 33. Qf4 Qh1+ 34. Ke2
e5 35. Qg5 Qh2+ 36. Kd1 e4 37. f7 Rf8 38. Kc1 Qf2 39. Ba6+ Kb8 40. Rf1 Qh2 41.
Qe7 Qh8 42. Qxd7 Qxc3+ 1-0

[Event "Olimpiade 2022 - Open"]
[Site "Chennai"]
[Date "03.08.2022"]
[Round "6.46"]
[Board "4"]
[White "Espinoza Solano, Jose Nahum"]
[Black "Asllani, Muhamet"]
[Result "0-1"]
[WhiteElo "2093"]
[BlackElo "2235"]
[WhiteTeam "Nicaragua"]
[BlackTeam "Kosovo"]
[WhiteFideId "6104428"]
[BlackFideId "22100300"]
[EventDate "2022.07.29"]

1. e4 e5 2. Nf3 Nc6 3. Bb5 a6 4. Ba4 Nf6 5. O-O Nxe4 6. Re1 Nc5 7. Bxc6 dxc6 8.
Nxe5 Be7 9. d4 Ne6 10. Be3 O-O 11. c4 Bf6 12. Nc3 c5 13. Nd5 cxd4 14. Bxd4 Nxd4
15. Qxd4 Be6 16. Rad1 Re8 17. Nxf6+ Qxf6 18. Nf3 Qg6 19. Qe5 Rac8 20. b3 f6 21.
Qg3 Qxg3 22. hxg3 Bg4 23. Kf1 Kf7 24. Rd4 Rxe1+ 25. Kxe1 h5 26. Kd2 Re8 27. Ng1
g5 28. f3 Bf5 29. Ne2 Re5 30. Nc3 Re8 31. a3 Rh8 32. b4 h4 33. gxh4 gxh4 34. Nd5
c6 35. Nf4 Re8 36. c5 Ke7 37. Ke3 Rh8 38. Rd6 Rh6 39. Rd1 Rh8 40. Rh1 Rh7 41.
Ne2 Kf7 42. Nd4 Bd7 43. g4 Kg6 44. Kf4 Bc8 45. Rh3 Rh8 46. Nc2 f5 47. g5 Kh5 48.
Ne3 Rd8 49. Ng2 Rd4+ 50. Ke5 Rd2 51. Rxh4+ Kxg5 52. f4+ Kg6 53. Rh8 Rd5# 0-1

[Event "Olimpiade 2022 - Open"]
[Site "Chennai"]
[Date "03.08.2022"]
[Round "6.47"]
[Board "1"]
[White "Munoz Santana, Jose Lisandro"]
[Black "Christie, Joshua"]
[Result "1/2-1/2"]
[WhiteTitle "IM"]
[BlackTitle "FM"]
[WhiteElo "2423"]
[BlackElo "2272"]
[WhiteTeam "Dominican Republic"]
[BlackTeam "Jamaica"]
[WhiteFideId "6400361"]
[BlackFideId "7402074"]
[EventDate "2022.07.29"]

1. e4 e5 2. Nf3 Nc6 3. Bc4 Nf6 4. d3 Be7 5. O-O O-O 6. Re1 d6 7. a4 Na5 8. Ba2
c5 9. c3 Nc6 10. Na3 a6 11. Nc2 h6 12. h3 Re8 13. Ne3 Bf8 14. Nh2 Be6 15. Nhg4
Nh7 16. Qf3 Ng5 17. Qe2 Ne7 18. h4 Nh7 19. g3 Qd7 20. a5 Bxa2 21. Rxa2 Qe6 22.
Ra4 Rad8 23. Qf3 h5 24. Nh2 Nf6 25. c4 Qd7 26. Qd1 g6 27. Nd5 Nfxd5 28. cxd5 Bg7
29. b4 Rc8 30. bxc5 Rxc5 31. Ba3 Rb5 32. Nf3 Rc8 33. Nd2 Rc3 34. Nc4 Rbb3 35.
Nb6 Qh3 36. Bxd6 Rxd3 37. Qxb3 Rxb3 38. Bxe7 Rxg3+ 39. fxg3 Qxg3+ 40. Kf1 Qf3+
41. Kg1 Qg3+ 42. Kf1 Qf3+ 43. Kg1 1/2-1/2

[Event "Olimpiade 2022 - Open"]
[Site "Chennai"]
[Date "03.08.2022"]
[Round "6.47"]
[Board "2"]
[White "Smith, Shreyas"]
[Black "Guzman, Christopher"]
[Result "0-1"]
[WhiteTitle "FM"]
[BlackTitle "FM"]
[WhiteElo "2147"]
[BlackElo "2243"]
[WhiteTeam "Jamaica"]
[BlackTeam "Dominican Republic"]
[WhiteFideId "7400713"]
[BlackFideId "6405096"]
[EventDate "2022.07.29"]

1. e4 c6 2. d4 d5 3. e5 Bf5 4. h4 h5 5. Bd3 Bxd3 6. Qxd3 Qa5+ 7. Nd2 e6 8. Nf3
Nh6 9. O-O Be7 10. c4 Nf5 11. g3 Nd7 12. b3 Rc8 13. a3 Qd8 14. Nb1 Qa5 15. Bd2
Qa6 16. Qc2 dxc4 17. bxc4 c5 18. d5 Nd4 19. Nxd4 cxd4 20. d6 Rxc4 21. Qa2 Bd8
22. Bf4 Qc6 23. Qe2 g5 24. Nd2 d3 25. Qd1 gxf4 26. Nxc4 Qxc4 27. Qf3 Nxe5 28.
Qxb7 Qd4 29. Kg2 f3+ 30. Kh2 Qxd6 31. Rad1 Bxh4 32. Rfe1 Ng4+ 33. Kg1 Bxg3 34.
Qc8+ Ke7 35. Qb7+ Kf8 36. Qc8+ Kg7 37. Qc3+ f6 38. Rxd3 Bxf2+ 39. Kf1 Qg3 40.
Rd7+ Kg6 41. Qd3+ Kg5 42. Qd2+ Kh4 0-1

[Event "Olimpiade 2022 - Open"]
[Site "Chennai"]
[Date "03.08.2022"]
[Round "6.47"]
[Board "3"]
[White "Arvelo Leo, Gian Carlo"]
[Black "Lorne, Ras Malaku"]
[Result "0-1"]
[WhiteTitle "FM"]
[BlackTitle "FM"]
[WhiteElo "2176"]
[BlackElo "2079"]
[WhiteTeam "Dominican Republic"]
[BlackTeam "Jamaica"]
[WhiteFideId "6402720"]
[BlackFideId "7400330"]
[EventDate "2022.07.29"]

1. Nf3 c5 2. g3 Nc6 3. Bg2 g6 4. O-O Bg7 5. d3 e5 6. c4 Nge7 7. Nc3 d6 8. Ne1
Be6 9. Nc2 d5 10. cxd5 Nxd5 11. Ne3 Nde7 12. Nc4 O-O 13. Rb1 h6 14. Bd2 Rb8 15.
a4 f5 16. b3 b6 17. Qc1 g5 18. h4 f4 19. hxg5 hxg5 20. Ne4 Nd4 21. Re1 Ng6 22.
b4 g4 23. bxc5 f3 24. exf3 Nxf3+ 25. Bxf3 gxf3 26. Ncd6 Nf4 27. Qd1 Nh3+ 28. Kf1
bxc5 29. Rxb8 Qxb8 30. Bc3 Qc7 31. Qa1 c4 32. d4 exd4 33. Bxd4 Bxd4 34. Qxd4 Qg7
35. Qxg7+ Kxg7 36. Nc5 Bg8 37. Re7+ Kf6 38. Rxa7 Rd8 39. Nde4+ Ke5 40. Ke1 Kd4
41. Rg7 Re8 42. Rd7+ Bd5 43. Kd2 Rxe4 44. Nxe4 Kxe4 45. a5 Nxf2 46. a6 c3+ 47.
Kc2 Nd3 48. a7 f2 49. Rf7 Ne1+ 50. Kxc3 Nf3 51. Re7+ Ne5 0-1

[Event "Olimpiade 2022 - Open"]
[Site "Chennai"]
[Date "03.08.2022"]
[Round "6.48"]
[Board "1"]
[White "Balogun, Oluwafemi"]
[Black "Maung, Maung Kyaw Zaw Hein"]
[Result "1-0"]
[WhiteTitle "IM"]
[BlackTitle "FM"]
[WhiteElo "2274"]
[BlackElo "2121"]
[WhiteTeam "Nigeria"]
[BlackTeam "Myanmar"]
[WhiteFideId "8501246"]
[BlackFideId "13001698"]
[EventDate "2022.07.29"]

1. e4 c5 2. Nf3 d6 3. d4 cxd4 4. Nxd4 Nf6 5. Nc3 g6 6. Be3 Bg7 7. f3 O-O 8. Qd2
Nc6 9. O-O-O d5 10. Qe1 e5 11. Nxc6 bxc6 12. exd5 Nxd5 13. Bc4 Be6 14. Ne4 Qc8
15. Bc5 Rd8 16. g4 h6 17. h4 Qc7 18. Bb3 Bf8 19. Bxf8 Kxf8 20. Nc5 Re8 21. h5 g5
22. Qe4 Nf6 23. Qb4 Kg8 24. Nxe6 fxe6 25. Qd6 Qxd6 26. Rxd6 Kf7 27. Re1 e4 28.
fxe4 Re7 29. e5 Nd5 30. Rxc6 Nf4 31. Rd1 Rb8 32. Bc4 Kg7 33. a4 Rbe8 34. b4 Ng2
35. Rd3 Nf4 36. Rd2 Rf8 37. b5 Nd5 38. Bxd5 exd5 39. Rg6+ Kh7 40. Rxd5 Rf4 41.
Rdd6 Rxe5 42. Rd7+ Kh8 43. Rxh6+ Kg8 44. Rc6 1-0

[Event "Olimpiade 2022 - Open"]
[Site "Chennai"]
[Date "03.08.2022"]
[Round "6.48"]
[Board "2"]
[White "Sai, Han Thiha"]
[Black "Kigigha, Bomo"]
[Result "0-1"]
[BlackTitle "FM"]
[WhiteElo "1974"]
[BlackElo "2251"]
[WhiteTeam "Myanmar"]
[BlackTeam "Nigeria"]
[WhiteFideId "13012290"]
[BlackFideId "8500037"]
[EventDate "2022.07.29"]

1. d4 d5 2. Bf4 c5 3. e3 Nf6 4. c3 e6 5. Nd2 Nc6 6. Ngf3 Be7 7. Ne5 Nd7 8. Ndf3
Ndxe5 9. Nxe5 Nxe5 10. Bxe5 O-O 11. a4 Bd7 12. Bd3 Be8 13. Qb1 f5 14. dxc5 Bxc5
15. O-O a5 16. Rd1 Qh4 17. Qc2 Rc8 18. c4 Bc6 19. Qc3 f4 20. g3 fxg3 21. hxg3
Qh5 22. Bd4 dxc4 23. e4 Bxd4 24. Qxd4 cxd3 25. Rxd3 Qe2 26. Qe3 Qxe3 27. Rxe3
Rcd8 28. b3 Rd2 29. Rf1 Rfd8 30. f3 R8d3 31. Rfe1 h5 32. Kf1 g5 33. Kg1 Kg7 34.
f4 Kg6 35. Kf1 h4 36. gxh4 gxf4 37. Rxd3 Rxd3 38. Kf2 Kh5 39. Rc1 Rxb3 40. Rc2
Kxh4 41. e5 Kg4 42. Rd2 Ra3 43. Rb2 Rxa4 44. Rd2 0-1

[Event "Olimpiade 2022 - Open"]
[Site "Chennai"]
[Date "03.08.2022"]
[Round "6.48"]
[Board "3"]
[White "Adebayo, Adegboyega"]
[Black "Kyaw, Myat Aung"]
[Result "0-1"]
[WhiteTitle "FM"]
[WhiteElo "2313"]
[BlackElo "1839"]
[WhiteTeam "Nigeria"]
[BlackTeam "Myanmar"]
[WhiteFideId "8500282"]
[BlackFideId "13012541"]
[EventDate "2022.07.29"]

1. d4 Nf6 2. Bg5 d5 3. e3 e6 4. Nf3 Be7 5. Nbd2 Nbd7 6. c3 c5 7. Bd3 h6 8. Bf4
a6 9. O-O Nh5 10. Be5 Nxe5 11. Nxe5 Nf6 12. f4 Qc7 13. a4 Bd7 14. Qf3 Bc6 15.
Qg3 O-O 16. Ng4 Nxg4 17. Qxg4 f5 18. Qh3 Qb6 19. Rfb1 Bd6 20. Nf3 cxd4 21. Nxd4
Bd7 22. Qf3 Rac8 23. a5 Qc5 24. Rc1 e5 25. b4 Qc7 26. Qxd5+ Kh8 27. fxe5 Bxe5
28. h3 Rcd8 29. Qf3 Bc8 30. Rc2 Qe7 31. Rf1 Bb8 32. Rff2 Rde8 33. Rfe2 g6 34.
Bc4 h5 35. Qf2 Qc7 36. Qf4 Qxf4 37. exf4 Bxf4 38. Rxe8 Rxe8 39. Bf7 Re3 40. Bxg6
Bg3 41. Rc1 Be5 42. Kf1 f4 43. Bxh5 Kg7 44. Bf3 Kf6 45. h4 Bc7 46. Kf2 b6 47.
Ne2 bxa5 48. bxa5 Re7 49. Ra1 Bd7 50. c4 Be6 51. c5 Bc4 52. Ra4 Bb5 53. Rb4 Kg7
54. Nxf4 Bxa5 55. Re4 Rxe4 56. Bxe4 Bb4 57. Kf3 a5 58. Bd5 Kf6 59. c6 Bd6 60. g4
Ke5 61. h5 a4 62. h6 Kf6 63. Ne6 Be5 0-1

[Event "Olimpiade 2022 - Open"]
[Site "Chennai"]
[Date "03.08.2022"]
[Round "6.48"]
[Board "4"]
[White "Zaw, Ye Htut"]
[Black "Akinseye, Abiola"]
[Result "1/2-1/2"]
[BlackTitle "FM"]
[WhiteElo "1255"]
[BlackElo "2214"]
[WhiteTeam "Myanmar"]
[BlackTeam "Nigeria"]
[WhiteFideId "13013955"]
[BlackFideId "8503010"]
[EventDate "2022.07.29"]

1. e4 e5 2. Nf3 Nc6 3. Bb5 a6 4. Ba4 Nf6 5. d3 Bc5 6. O-O b5 7. Bb3 d6 8. h3 O-O
9. a4 b4 10. a5 Be6 11. Nbd2 Ne7 12. Nc4 Ng6 13. Be3 Ba7 14. Qd2 Qb8 15. Rfb1
Bxe3 16. fxe3 Qa7 17. Kh2 Rab8 18. Ng5 Bxc4 19. Bxc4 h6 20. Nf3 c6 21. Rf1 d5
22. exd5 cxd5 23. Bb3 Qe7 24. Qf2 Rb5 25. Qg3 Kh7 26. Nd2 Nh5 27. Qg4 Nf6 28.
Qf5 e4 29. d4 Kg8 30. Ba4 Rbb8 31. Kg1 Rbc8 32. Rac1 Qd6 33. Nb3 Qg3 34. Qf2 Qd6
35. Qe2 Rc7 36. Nc5 Ra7 37. Bb3 Rd8 38. c4 bxc3 39. Rxc3 Rb8 40. Qc2 Rb5 41. Ba4
Rb4 42. Rb3 Rxb3 43. Qxb3 Qg3 44. Rf2 Ra8 45. Bc6 Rb8 46. Qc3 Nh4 47. Nxa6 Rc8
48. Nb4 Nh5 49. Nxd5 Nf3+ 50. Kf1 Qh2 51. gxf3 Ng3+ 52. Ke1 Qg1+ 53. Kd2 Qxf2+
54. Kd1 Qe2+ 55. Kc1 exf3 56. Ne7+ Kh8 57. Nxc8 f2 58. Bg2 Ne4 59. Qc2 Qxe3+ 60.
Kb1 Nd2+ 61. Ka2 Nf3 62. Ne7 Qxe7 63. Qxf2 Ne1 64. Bd5 Qb4 65. Qxf7 Qa4+ 66. Kb1
Qd1+ 1/2-1/2